00802nam a22002057a 450000500170000001000150001702000270003203500140005903700130007308200120008610000190009824500740011726000430019127001130023430000250034750000530037294200260042599900190045195201260047020180216122049.0 aENG-122283 a9788183877428c1950.00 aEN-105815 bDBAD/PUB a201.661 aKaur, Gurinder aReligion and Health:cby Gurinder kaurbnarratives on faith healing / aNew Delhi bSerials Publicationsc2016 a4830/24, Prahlad Street, Ansari Road DaryaganjbNew Delhi e110002k23245225mserials@mail.coml911123272135 aix, 541p.c22cm(hbk) aIt includes bibliographical references and index 2ddccENh201.661mKAU c149978d149978 001040718NFICaDBADbBNd2018-02-16eDBAD/PUBg1950.00l0o201.661 KAUpEN-105815r2018-02-16 00:00:00t1v1950.00yEN